000 00391nam a22001217a 4500
005 20260114110505.0
008 260114b |||||||| |||| 00| 0 eng d
020 _a9789352697557
100 _aMohammad Azvar Khan
245 _aInternational Perspectives on Cyberbullying
_b/International Perspectives on Cyberbullying
_c/ Azvar Khan Mohammad
300 _a viii, 282pgs
_enone
942 _2ddc
_cBK
_n0
999 _c113
_d113